Special economic zones in India: (Record no. 102253)

MARC details
000 -LEADER
fixed length control field 01039nam a22002537a 4500
005 - DATE AND TIME OF LATEST TRANSACTION
control field 20180228135702.0
010 ## - LCCN (DPL NO)
LC control number 1617EN ENG-117811
020 ## - INTERNATIONAL STANDARD BOOK NUMBER
International Standard Book Number 9781107109544
Terms of availability 800.00
035 ## - SYSTEM CONTROL NUMBER
System control number B-650106-111
035 ## - SYSTEM CONTROL NUMBER
System control number EN-101343
035 ## - SYSTEM CONTROL NUMBER
System control number B-664929
037 ## - SOURCE OF ACQUISITION
Source of stock number/acquisition UPPAL
Stock number DPL
037 ## - SOURCE OF ACQUISITION
Source of stock number/acquisition DBAD/PUB
082 ## - DEWEY DECIMAL CLASSIFICATION NUMBER
Classification number 338.954
Item number TAN
100 ## - MAIN ENTRY--PERSONAL NAME
Personal name Tantri, Malini L.
245 ## - TITLE STATEMENT
Title Special economic zones in India:
Statement of responsibility, etc by Malini L.Tantri
Remainder of title policy, performance and prospects /
260 ## - PUBLICATION, DISTRIBUTION, ETC. (IMPRINT)
Date of publication, distribution, etc 2016
Place of publication, distribution, etc New Delhi
Name of publisher, distributor, etc Cambridge University Press
270 ## - ADDRESS
Address 4843/24, 2nd floor,Anasari Road, Darya Ganj
City New Delhi
Postal code 110002
300 ## - PHYSICAL DESCRIPTION
Dimensions 23cm(HB)
Extent xvii,167p.
500 ## - GENERAL NOTE
General note includs index
942 ## - ADDED ENTRY ELEMENTS (KOHA)
Item type English Books
Source of classification or shelving scheme Dewey Decimal Classification
Classification part 338.954
Call number suffix TAN
Holdings
Withdrawn status Lost status Not for loan Home library Current library Date acquired Source of acquisition Cost, normal purchase price Full call number Barcode Copy number Cost, replacement price Koha item type Collection code
      Ashok Vihar Ashok Vihar 28/02/2018 Uppal/14146/27.2.2017/EN/AV/473/15.2.2017/7.3.2017 800.00 338.954 TAN B-664929 1 800.00 English Books Non-fiction
      Central Library Central Library 15/03/2017 BPPD/EN/2016-17/307/24.11.2016/13893/05.12.2016/02.01.2017 800.00 338.954 TAN B-650106 1 800.00 English Books  
      Janak Puri Janak Puri 15/03/2017 BPPD/EN/2016-17/307/24.11.2016/13893/05.12.2016/02.01.2017 800.00 338.954 TAN B-650110 1 800.00 English Books  
      Kasturba Gandhi Marg Kasturba Gandhi Marg 15/03/2017 BPPD/EN/2016-17/307/24.11.2016/13893/05.12.2016/02.01.2017 800.00 338.954 TAN B-650109 1 800.00 English Books  
      New Police Line New Police Line 15/03/2017 BPPD/EN/2016-17/307/24.11.2016/13893/05.12.2016/02.01.2017 800.00 338.954 TAN B-650107 1 800.00 English Books  
      Patel Nagar Patel Nagar 15/03/2017 BPPD/EN/2016-17/307/24.11.2016/13893/05.12.2016/02.01.2017 800.00 338.954 TAN B-650108 1 800.00 English Books  
      Sarojini Nagar Sarojini Nagar 15/03/2017 BPPD/EN/2016-17/307/24.11.2016/13893/05.12.2016/02.01.2017 800.00 338.954 TAN B-650111 1 800.00 English Books  
      Shahdara Branch Shahdara Branch 13/04/2017 DBAD/PUB 800.00 338.954 TAN EN-101343 1 800.00 English Books Non-fiction

© Delhi Public Library
Hit Counter
free hit counter